[Event "14. Bayer Open"]
[Site "Leverkusen"]
[Date "2016.02.01"]
[Round "3.1"]
[White "Pejkovic, Patrick Slavko"]
[Black "Rotstein, Jefim"]
[Result "0-1"]
[WhiteElo "2049"]
[BlackElo "2268"]
[PlyCount "105"]
[EventDate "2016.??.??"]
[WhiteTeam "Langenfelder SF"]
[BlackTeam "SC Tornado Hochneukirch"]

1. e4 c5 2. b3 Nc6 3. Bb2 e5 4. Nf3 d6 5. Bb5 Nf6 6. Bxc6+ bxc6 7. d3 Be7 8. c4
O-O 9. h3 Ne8 10. Nc3 Nc7 11. O-O Ne6 12. Ne2 g6 13. Qd2 f5 14. Kh2 fxe4 15.
dxe4 Rxf3 16. gxf3 Ng5 17. Ng1 Bxh3 18. Rfe1 Qd7 19. Re3 Rf8 20. f4 exf4 21.
Rxh3 Qxh3+ 22. Nxh3 Nf3+ 23. Kg2 Nxd2 24. f3 d5 25. exd5 cxd5 26. cxd5 c4 27.
Rd1 Bb4 28. bxc4 Nxc4 29. Rd4 Ne3+ 30. Kh1 Bd6 31. Ra4 Rf5 32. Nf2 Bc7 33. Ne4
Bb6 34. Nf6+ Kf7 35. Nd7 Nxd5 36. Nxb6 axb6 37. Ra7+ Ke6 38. Bd4 Rh5+ 39. Kg1
Kd6 40. Ra8 Kc6 41. a4 Rf5 42. Ra7 Nc7 43. Bc3 g5 44. Kf2 h5 45. Bd2 g4 46.
fxg4 hxg4 47. a5 b5 48. a6 Rf8 49. Ba5 Nd5 50. Rg7 g3+ 51. Kf3 b4 52. Rb7 Rg8
53. Kg2 0-1

[Event "14. Bayer Open"]
[Site "Leverkusen"]
[Date "2016.02.01"]
[Round "3.2"]
[White "Marcziter, Dmitrii"]
[Black "Krüger, Andre"]
[Result "1/2-1/2"]
[WhiteElo "2226"]
[BlackElo "2086"]
[PlyCount "42"]
[EventDate "2016.??.??"]
[WhiteTeam "DJK Aufwärts Aachen"]
[BlackTeam "SV Mülheim-Nord"]

1. d4 d5 2. c4 dxc4 3. Nf3 Nf6 4. Nc3 a6 5. a4 Nc6 6. e4 Na5 7. Be3 c6 8. d5
cxd5 9. exd5 e6 10. dxe6 Qxd1+ 11. Rxd1 Bxe6 12. Ng5 Bb4 13. Nxe6 fxe6 14. Be2
Nd5 15. Bd4 Nf4 16. Bf1 O-O 17. g3 Nd5 18. Bh3 Rfe8 19. O-O Bxc3 20. Bxc3 Nxc3
21. bxc3 Nb3 1/2-1/2

[Event "14. Bayer Open"]
[Site "Leverkusen"]
[Date "2016.02.01"]
[Round "3.3"]
[White "Ramien, David"]
[Black "Balduan, Markus"]
[Result "1/2-1/2"]
[WhiteElo "2054"]
[BlackElo "2228"]
[PlyCount "75"]
[EventDate "2016.??.??"]
[WhiteTeam "SG Porz"]
[BlackTeam "TV Witzhelden"]

1. e4 c5 2. Nf3 Nc6 3. d4 cxd4 4. Nxd4 g6 5. Nc3 Bg7 6. Be3 Nf6 7. Be2 O-O 8.
f4 d6 9. Qd2 Nxd4 10. Bxd4 e5 11. Bf2 Bh6 12. Be3 d5 13. exd5 exf4 14. Bxf4
Bxf4 15. Qxf4 Nxd5 16. Nxd5 Qxd5 17. O-O Be6 18. c4 Qc5+ 19. Kh1 Rad8 20. Rad1
Qb4 21. b3 Qa5 22. a4 Qb4 23. Qe3 {Weiß bietet Remis an.} b6 24. Bf3 Rfe8 25.
Rxd8 Rxd8 26. Rd1 Rxd1+ 27. Bxd1 Kf8 28. h3 Ke7 29. Bf3 Qc5 30. Qh6 Qf5 31.
Qh4+ g5 32. Qe1 Qf4 33. a5 bxa5 34. Qxa5 Qc1+ 35. Kh2 Qf4+ 36. Kh1 Qc1+ 37. Kh2
Qf4+ 38. Kh1 1/2-1/2

[Event "14. Bayer Open"]
[Site "Leverkusen"]
[Date "2016.02.01"]
[Round "3.4"]
[White "Kniest, Oliver"]
[Black "Heller, Achim"]
[Result "1/2-1/2"]
[WhiteElo "2252"]
[BlackElo "1907"]
[PlyCount "74"]
[EventDate "2016.??.??"]
[WhiteTeam "SG Solingen"]
[BlackTeam "SG Ennepe-Ruhr-Süd"]

1. d4 d5 2. c4 c6 3. Nf3 Nf6 4. Nbd2 e6 5. e3 Nbd7 6. b3 Ne4 7. Nxe4 dxe4 8.
Nd2 f5 9. f3 Bb4 10. Bb2 exf3 11. Qxf3 Nf6 12. Bd3 O-O 13. O-O-O Qa5 14. Kc2
Ba3 15. Bc3 Bb4 16. Bb2 Ba3 17. Ba1 Bb4 18. a4 Bd7 19. Bb2 Rac8 20. c5 Bxd2 21.
Rxd2 Nd5 22. e4 Nb4+ 23. Kd1 fxe4 24. Qxe4 Nxd3 25. Rxd3 e5 26. dxe5 Be6 27.
Qe3 Qb4 28. Kc1 b6 29. cxb6 axb6 30. Rhd1 c5 31. Qe1 Qf4+ 32. Qe3 c4 33. Rc3
Qxe3+ 34. Rxe3 cxb3+ 35. Rc3 Rxc3+ 36. Bxc3 Rf2 37. Rd2 Rxd2 1/2-1/2

[Event "14. Bayer Open"]
[Site "Leverkusen"]
[Date "2016.02.01"]
[Round "3.5"]
[White "Stillger, Bernhard"]
[Black "Kesseler, Heiko"]
[Result "1-0"]
[WhiteElo "2231"]
[BlackElo "1993"]
[PlyCount "83"]
[EventDate "2016.??.??"]
[WhiteTeam "SV Dinslaken"]
[BlackTeam "Elberfelder SG"]

1. d4 Nf6 2. c4 e6 3. g3 Bb4+ 4. Bd2 Be7 5. Bg2 d5 6. Nf3 O-O 7. O-O c6 8. Qc2
Nbd7 9. Bf4 b6 10. Rd1 Ba6 11. Ne5 Nxe5 12. dxe5 Nh5 13. Be3 f5 14. cxd5 cxd5
15. Nc3 f4 16. Bd4 Bb7 17. Bh3 Bc8 18. g4 f3 19. gxh5 Bg5 20. exf3 Bf4 21. Ne2
Qg5+ 22. Ng3 Ba6 23. Bxe6+ Kh8 24. Bg4 Bc8 25. Bxc8 Raxc8 26. Qe2 Qh4 27. Be3
Bxe5 28. Rxd5 Rce8 29. Rad1 Bb8 30. R1d4 Qh3 31. Rg4 Re5 32. Rxe5 Bxe5 33. Qf1
Qxf1+ 34. Kxf1 Bxb2 35. Bd4 Bxd4 36. Rxd4 Kg8 37. Ke2 Rc8 38. Kd2 Rf8 39. f4
Rc8 40. Rd7 a5 41. Nf5 Rc4 42. Rd8+ 1-0

[Event "14. Bayer Open"]
[Site "Leverkusen"]
[Date "2016.02.01"]
[Round "3.7"]
[White "Grah, Ulrich"]
[Black "Keller, Karsten"]
[Result "1-0"]
[WhiteElo "1826"]
[BlackElo "2118"]
[PlyCount "91"]
[EventDate "2016.??.??"]
[WhiteTeam "SG Solingen"]
[BlackTeam "Langenfelder SF"]

1. e4 c5 2. Nf3 e6 3. d4 cxd4 4. Nxd4 Nc6 5. Nc3 Qc7 6. Be3 a6 7. Qf3 Nf6 8.
O-O-O b5 9. Nxc6 dxc6 10. e5 Nd5 11. Nxd5 exd5 12. Qg3 Be6 13. f4 g6 14. h4 h5
15. Bd3 Be7 16. Qf2 Qa5 17. Bc5 b4 18. Bxe7 Kxe7 19. f5 gxf5 20. Bxf5 Rhe8 21.
Bxe6 fxe6 22. Qf6+ Kd7 23. Kb1 Re7 24. Qg6 Rh8 25. Rhf1 Qc7 26. Rde1 Qb8 27.
Rf7 Qg8 28. Rxe7+ Kxe7 29. Qf6+ Kd7 30. Qf2 Qd8 31. Rf1 Re8 32. Qa7+ Kc8 33.
Qxa6+ Kb8 34. Qxc6 Re7 35. Qc5 Rc7 36. Qxb4+ Rb7 37. Qf8 Kc8 38. Qxd8+ Kxd8 39.
Rf6 Ke7 40. Rh6 Rb4 41. Rxh5 Rg4 42. b3 d4 43. Rh7+ Kd8 44. h5 Rxg2 45. h6 Rh2
46. a4 1-0

[Event "14. Bayer Open"]
[Site "Leverkusen"]
[Date "2016.02.01"]
[Round "3.8"]
[White "Peschel, Andreas"]
[Black "Kamphausen, Johannes-Dieter"]
[Result "1-0"]
[WhiteElo "2113"]
[BlackElo "1729"]
[PlyCount "47"]
[EventDate "2016.??.??"]
[WhiteTeam "SG Solingen"]
[BlackTeam "SV Springer Hitdorf"]

1. d4 Nf6 2. Nf3 d5 3. c4 e6 4. g3 dxc4 5. Qa4+ Nc6 6. Qxc4 a6 7. Bg2 Bb4+ 8.
Bd2 Nd5 9. O-O O-O 10. Bxb4 Ndxb4 11. e4 Rb8 12. a3 b5 13. Qc3 Nc2 14. Qxc2
Nxd4 15. Nxd4 Qxd4 16. Nc3 Bb7 17. Rfd1 Qb6 18. Rac1 c5 19. e5 b4 20. Na4 Qb5
21. Bxb7 Rxb7 22. Nxc5 Rc7 23. axb4 Qxb4 24. Nxa6 1-0

[Event "14. Bayer Open"]
[Site "Leverkusen"]
[Date "2016.02.01"]
[Round "3.10"]
[White "Haverkamp, Klaus"]
[Black "Auer, Martin"]
[Result "0-1"]
[WhiteElo "1927"]
[BlackElo "2170"]
[PlyCount "51"]
[EventDate "2016.??.??"]
[WhiteTeam "SV Herzogenrath"]
[BlackTeam "SG Solingen"]

1. e4 d6 2. d4 g6 3. Nf3 Bg7 4. Bc4 e6 5. Nc3 Ne7 6. O-O a6 7. a4 b6 8. Re1 Nd7
9. Ng5 h6 10. Nxf7 Kxf7 11. Qf3+ Kg8 12. Bxe6+ Kh7 13. e5 Ra7 14. Ne4 Nxe5 15.
Qh3 Nf7 16. Ra3 Rf8 17. Rf3 Bxe6 18. Qxe6 Nf5 19. Rh3 c5 20. g4 Nxd4 21. Qd5
Qa8 22. Qc4 d5 23. Qf1 dxe4 24. a5 Nf3+ 25. Kh1 Nxe1 26. Qxe1 0-1

[Event "14. Bayer Open"]
[Site "Leverkusen"]
[Date "2016.02.01"]
[Round "3.11"]
[White "Mohaupt, Sascha"]
[Black "Mentzel, Markus"]
[Result "1-0"]
[WhiteElo "2184"]
[BlackElo "1838"]
[PlyCount "95"]
[EventDate "2016.??.??"]
[WhiteTeam "SV Wermelskirchen"]
[BlackTeam "SG Solingen"]

1. e4 Nf6 2. e5 Nd5 3. d4 d6 4. c4 Nb6 5. exd6 exd6 6. Nc3 Nc6 7. d5 Ne5 8. f4
Ned7 9. Nf3 Be7 10. Be2 Bf6 11. Ne4 Nc5 12. Nxf6+ Qxf6 13. Qd4 Qxd4 14. Nxd4
Bd7 15. O-O f5 16. b3 O-O 17. Bb2 Rfe8 18. Rfe1 a6 19. g3 Kf7 20. Rad1 h6 21.
Kg2 Ne4 22. Bd3 c5 23. dxc6 bxc6 24. Ne2 d5 25. Bd4 Nc8 26. cxd5 cxd5 27. Be5
Ne7 28. Rc1 Nc6 29. Bb2 Rec8 30. Nd4 g6 31. Nxc6 Bxc6 32. Bd4 Bb7 33. Kf3 Ke6
34. Ke3 Rxc1 35. Rxc1 Rc8 36. Rxc8 Bxc8 37. Be5 Nc5 38. Bc2 Nd7 39. Bd4 Bb7 40.
b4 h5 41. Ba4 Kd6 42. a3 Bc6 43. Be5+ Nxe5 44. fxe5+ Kc7 45. Bc2 Kd7 46. h4 Ke6
47. Kd4 Bb7 48. Ba4 1-0

[Event "14. Bayer Open"]
[Site "Leverkusen"]
[Date "2016.02.01"]
[Round "3.12"]
[White "Reinemer, Frank"]
[Black "Goßmann, Jochen"]
[Result "1-0"]
[WhiteElo "2111"]
[BlackElo "1841"]
[PlyCount "31"]
[EventDate "2016.??.??"]
[WhiteTeam "Langenfelder SF"]
[BlackTeam "SG Kalker/Deutzer"]

1. d4 Nf6 2. c4 c5 3. d5 b5 4. cxb5 a6 5. Nc3 axb5 6. e4 b4 7. Nb5 d6 8. Bf4
Nbd7 9. Nf3 Bb7 10. Bd3 Ng4 11. O-O Nge5 12. Nxe5 Nxe5 13. Bxe5 dxe5 14. Nd4
Ba6 15. Qa4+ Qd7 16. Bb5 1-0

[Event "14. Bayer Open"]
[Site "Leverkusen"]
[Date "2016.02.01"]
[Round "3.14"]
[White "Sockel, Karl-Heinz"]
[Black "Weber, Olaf"]
[Result "1/2-1/2"]
[WhiteElo "1863"]
[BlackElo "1863"]
[PlyCount "33"]
[EventDate "2016.??.??"]
[WhiteTeam "SC Bayer Leverkusen"]
[BlackTeam "SF Lohmar"]

1. d4 Nf6 2. Nf3 g6 3. e3 Bg7 4. Nbd2 c5 5. dxc5 Qa5 6. a3 Qxc5 7. c4 O-O 8. b4
Qc7 9. Bb2 d6 10. Be2 b6 11. O-O Bb7 12. Rc1 Nbd7 13. Qb3 Rac8 14. Rfd1 Qb8 15.
Ne1 Rc7 16. Nd3 Rfc8 17. Nf4 1/2-1/2

[Event "14. Bayer Open"]
[Site "Leverkusen"]
[Date "2016.02.01"]
[Round "3.15"]
[White "Schmuck, Markus"]
[Black "Kies, Werner"]
[Result "1/2-1/2"]
[WhiteElo "1931"]
[BlackElo "1861"]
[PlyCount "108"]
[EventDate "2016.??.??"]
[WhiteTeam "vereinlos"]
[BlackTeam "SC Bayer Leverkusen"]

1. d4 g6 2. c4 Nf6 3. Nc3 Bg7 4. e4 d6 5. Bd3 Nc6 6. Nge2 e5 7. d5 Ne7 8. f3
O-O 9. Be3 b6 10. O-O Nh5 11. g4 Nf6 12. Ng3 Ne8 13. h3 Bd7 14. Qd2 Qc8 15. b4
a5 16. a3 axb4 17. axb4 Rxa1 18. Rxa1 f5 19. Bf2 fxg4 20. fxg4 h5 21. gxh5 Bxh3
22. Bf1 gxh5 23. Qg5 Nf6 24. Nxh5 Nxh5 25. Qxh5 Bg4 26. Qg5 Rf6 27. Bg3 Ng6 28.
Nb5 Bf3 29. Ra7 Bxe4 30. Rxc7 Rxf1+ 31. Kxf1 Qh3+ 32. Ke2 Bh6 33. Qd8+ Nf8 34.
Qf6 Bg6 35. Kf2 e4 36. Qh4 Qf5+ 37. Kg1 Bg5 38. Nxd6 Qf6 39. Qg4 e3 40. Rc8
Qa1+ 41. Kh2 Qb2+ 42. Kh3 Qf6 43. Qe6+ Qxe6+ 44. dxe6 Kg7 45. Be5+ Kg8 46. Kg3
Bh5 47. Ne4 e2 48. Bc3 Be7 49. Kf2 Bh4+ 50. Ng3 Bg4 51. Re8 Bxe6 52. c5 bxc5
53. bxc5 Kf7 54. Rxe6 Kxe6 1/2-1/2

[Event "14. Bayer Open"]
[Site "Leverkusen"]
[Date "2016.02.01"]
[Round "3.16"]
[White "Maric, Boris"]
[Black "Axmann, Michael"]
[Result "1-0"]
[WhiteElo "2015"]
[BlackElo "1741"]
[PlyCount "45"]
[EventDate "2016.??.??"]
[WhiteTeam "SV Grünfeld"]
[BlackTeam "SC Bayer Leverkusen"]

1. c4 c5 2. Nc3 e6 3. e4 Nc6 4. g3 g6 5. Bg2 Bg7 6. Nge2 Nge7 7. O-O O-O 8. d3
d6 9. Be3 e5 10. Qd2 Be6 11. h3 a6 12. Bh6 Qc8 {Schwarz bietet Remis an.} 13.
Bxg7 Kxg7 14. f4 f5 15. Nd5 Qd8 16. b4 Rb8 17. bxc5 dxc5 18. fxe5 Nxe5 19. Qc3
N7c6 20. Rae1 Kg8 21. Nef4 Bd7 22. exf5 Bxf5 23. Rxe5 1-0

[Event "14. Bayer Open"]
[Site "Leverkusen"]
[Date "2016.02.01"]
[Round "3.17"]
[White "Maczkowiak, Thomas"]
[Black "Brinkmann, Sven"]
[Result "0-1"]
[WhiteElo "1773"]
[BlackElo "2000"]
[PlyCount "134"]
[EventDate "2016.??.??"]
[WhiteTeam "MS Halver-Schalksmühle"]
[BlackTeam "SF Köln-Mülheim"]

1. g3 e5 2. Bg2 Nc6 3. c4 d6 4. Nc3 g6 5. Nf3 Bg7 6. O-O Nge7 7. d3 O-O 8. Be3
h6 9. d4 Nf5 10. dxe5 Nxe3 11. fxe3 Nxe5 12. Nxe5 Bxe5 13. Qd3 c6 14. b4 Bf5
15. e4 Qb6+ 16. e3 Be6 17. Rab1 Qa6 18. b5 Qa3 19. Rb3 Qc5 20. Rc1 Bxc4 21. Na4
Bxd3 22. Nxc5 Bxb5 23. Nxb7 a5 24. Bf1 a4 25. Rbb1 Bxf1 26. Kxf1 Ra6 27. Rd1
Rb8 28. Rb4 Ra7 29. Rdb1 a3 30. R4b3 Rc8 31. Rd3 Rb8 32. Rdb3 Bb2 33. Nc5 Rxb3
34. Nxb3 Ra4 35. Nd2 Kf8 36. Ke2 c5 37. Kd3 Ke7 38. Nc4 Rb4 39. Rf1 Ke6 40. g4
Be5 41. h3 f6 42. Nxa3 Ra4 43. Nc4 Rxa2 44. Nd2 Ra3+ 45. Ke2 Ra1 46. Rxa1 Bxa1
47. Nc4 d5 48. exd5+ Kxd5 49. Kd3 f5 50. gxf5 gxf5 51. Nd2 Be5 52. e4+ fxe4+
53. Nxe4 c4+ 54. Ke3 Bd4+ 55. Kf3 Ke5 56. Ng3 c3 57. Ne2 c2 58. Nc1 h5 59. Ke2
Kf4 60. Kd3 Be3 61. Nb3 c1=Q 62. Nxc1 Bxc1 63. Ke2 Be3 64. h4 Bc5 65. Ke1 Kg3
66. Kf1 Bb6 67. Ke2 Kxh4 0-1

[Event "14. Bayer Open"]
[Site "Leverkusen"]
[Date "2016.02.01"]
[Round "3.18"]
[White "Pyrowicz, Jacek"]
[Black "Angermünde, Dirk"]
[Result "1/2-1/2"]
[WhiteElo "1827"]
[BlackElo "1966"]
[PlyCount "132"]
[EventDate "2016.??.??"]
[WhiteTeam "SV Wermelskirchen"]
[BlackTeam "SF Gerresheim"]

1. Nf3 c5 2. g3 Nc6 3. c4 Nf6 4. Nc3 g6 5. Bg2 Bg7 6. O-O O-O 7. e3 d6 8. d4
cxd4 9. exd4 Bg4 10. Be3 Qd7 11. Qd2 Rfd8 12. Ng5 Bf5 13. f3 h5 14. h3 Nb4 15.
Rfc1 Qc8 16. g4 Bd7 17. a3 Na6 18. Qe2 Nc7 19. Nce4 Nce8 20. Nf2 Nc7 21. Rab1
Rb8 22. Qd3 b6 23. Nfe4 Nce8 24. Nxf7 Kxf7 25. Ng5+ Kg8 26. Qxg6 hxg4 27. fxg4
Bxg4 28. hxg4 Qxg4 29. Qf7+ Kh8 30. Qxe7 Rd7 31. Qe6 Bh6 32. Qxg4 Nxg4 33. Bd2
Rg7 34. Rf1 Nef6 35. Rf5 Rbg8 36. Ne6 Bxd2 37. Nxg7 Rxg7 38. Rf3 Be3+ 39. Kh1
Rh7+ 40. Bh3 Bxd4 41. Re1 Nf2+ 42. Kg2 Nxh3 43. Rxh3 Rxh3 44. Kxh3 Be5 45. b4
Nd7 46. Kg4 Kg7 47. Kf5 Kf7 48. Rh1 Bg7 49. Rd1 Ke7 50. Rd3 Ne5 51. Rd5 Nxc4
52. Rd3 Bb2 53. a4 Kd7 54. b5 Ke7 55. Rh3 Kf7 56. Rh7+ Bg7 57. Ke4 Nb2 58. Kd5
Nxa4 59. Kxd6 Kg6 60. Rh3 Nc3 61. Kc6 Kf7 62. Rd3 Ke6 63. Rd6+ Ke5 64. Rd7 Bf8
65. Rxa7 Bc5 66. Rd7 Ke4 1/2-1/2

[Event "14. Bayer Open"]
[Site "Leverkusen"]
[Date "2016.02.01"]
[Round "3.19"]
[White "Werner, Michael"]
[Black "Stenzel, Michael"]
[Result "1-0"]
[WhiteElo "1966"]
[BlackElo "1550"]
[PlyCount "87"]
[EventDate "2016.??.??"]
[WhiteTeam "Düsseldorfer SK"]
[BlackTeam "TV Witzhelden"]

1. d4 Nf6 2. c4 c5 3. d5 b5 4. cxb5 a6 5. bxa6 Bxa6 6. Nf3 d6 7. Nc3 g6 8. g3
Bg7 9. Bg2 O-O 10. O-O Nbd7 11. Qc2 Qc7 12. Rd1 Nb6 13. e4 Nfd7 14. b3 c4 15.
b4 Ne5 16. Nxe5 Bxe5 17. Bb2 Nd7 18. f4 Bg7 19. a3 Rfb8 20. h3 Qb6+ 21. Qf2
Qxf2+ 22. Kxf2 Nc5 23. Ke3 Nd3 24. Rxd3 cxd3 25. Bf1 Rc8 26. Kd2 e6 27. dxe6
fxe6 28. Bxd3 Bxd3 29. Kxd3 Kf7 30. a4 d5 {Schwarz bietet Remis an.} 31. e5 Bf8
32. b5 Rc4 33. a5 Rb4 34. Ba3 Rb3 35. Bxf8 Kxf8 36. a6 Ke8 37. Kc2 Rb4 38. Ra4
Rxa4 39. Nxa4 Kd8 40. Kc3 Kc7 41. Kb4 Rc8 42. b6+ Kb8 43. Nc5 Rc6 44. Kb5 1-0

[Event "14. Bayer Open"]
[Site "Leverkusen"]
[Date "2016.02.01"]
[Round "3.20"]
[White "Hertling, Jürgen"]
[Black "Ljuboschiz, Alexander"]
[Result "0-1"]
[WhiteElo "1645"]
[BlackElo "2040"]
[PlyCount "62"]
[EventDate "2016.??.??"]
[WhiteTeam "SF Köln-Mülheim"]
[BlackTeam "SC Tornado Hochneukirch"]

1. d4 Nf6 2. c4 g6 3. Nc3 Bg7 4. e4 d6 5. Nf3 O-O 6. Be2 Nbd7 7. O-O e5 8. Bg5
h6 9. Bh4 g5 10. Bg3 Nh5 11. d5 Nf4 12. Ne1 a5 13. Nd3 Nxd3 14. Qxd3 Nc5 15.
Qc2 f5 16. f3 f4 17. Bf2 b6 18. a3 Bd7 19. Nb5 a4 20. Bxc5 bxc5 21. b3 axb3 22.
Qxb3 h5 23. a4 g4 24. g3 fxg3 25. hxg3 gxf3 26. Rxf3 Rxf3 27. Qxf3 Qg5 28. Nxc7
Rf8 29. Qg2 Qe3+ 30. Kh1 Rf2 31. Qg1 Qxe4+ 0-1

[Event "14. Bayer Open"]
[Site "Leverkusen"]
[Date "2016.02.01"]
[Round "3.21"]
[White "Schulte-Lentz, Christian"]
[Black "Henseler, Klaus"]
[Result "1-0"]
[WhiteElo "2105"]
[BlackElo "1825"]
[PlyCount "141"]
[EventDate "2016.??.??"]
[WhiteTeam "Langenfelder SF"]
[BlackTeam "SC Bayer Leverkusen"]

1. d4 c5 2. c4 Nf6 3. Nf3 cxd4 4. Nxd4 Nc6 5. Nc3 Qa5 6. Nb3 Qc7 7. e4 e6 8. a3
a6 9. Be2 d6 10. O-O Be7 11. Be3 b6 12. Rc1 Qb8 13. f4 O-O 14. Bf3 Nd7 15. Qe1
Bb7 16. Nd2 Rc8 17. Bg4 Rc7 18. Qg3 Bc8 19. Be2 Bf8 20. h4 Kh8 21. h5 Rb7 22.
Bf3 Rc7 23. Be2 Ne7 24. Nf3 Nf6 25. Ng5 Nc6 26. e5 Ng8 27. Bd3 f5 28. exf6 Nxf6
29. f5 Ne5 30. Be2 exf5 31. Bd4 Re7 32. Nd5 Nxd5 33. cxd5 h6 34. Nf3 Ng4 35.
Bd3 Bd7 36. Nh4 Kg8 37. Bxf5 Ne5 38. Bb1 Be8 39. Nf5 Bxh5 40. Nxh6+ Kh8 41. Nf5
Rf7 42. Qh3 g6 43. Ng3 Rh7 44. Qe6 Bg4 45. Bxe5+ dxe5 46. Qxg4 Bc5+ 47. Rf2
Bxf2+ 48. Kxf2 Qf8+ 49. Ke2 Rh2 50. Be4 Qf6 51. Rc6 Qf4 52. Qxf4 exf4 53. Nf1
Rh6 54. Rxb6 Re8 55. Kf3 Rh1 56. Nd2 Rd1 57. Ke2 Rxd2+ 58. Kxd2 Rxe4 59. Rxg6
Rd4+ 60. Kc3 Rxd5 61. Rxa6 Rg5 62. Rh6+ Kg7 63. Rh2 Kg6 64. a4 Kf5 65. b4 Kg4
66. b5 Kg3 67. Rh8 Kxg2 68. b6 f3 69. b7 f2 70. b8=Q f1=Q 71. Qh2+ 1-0

[Event "14. Bayer Open"]
[Site "Leverkusen"]
[Date "2016.02.01"]
[Round "3.22"]
[White "Hendrichs, Udo"]
[Black "Elsweiler, Karl-Heinz"]
[Result "1-0"]
[WhiteElo "1940"]
[BlackElo "1571"]
[PlyCount "103"]
[EventDate "2016.??.??"]
[WhiteTeam "Langenfelder SF"]
[BlackTeam "SV Opladen"]

1. d4 Nf6 2. Nf3 e6 3. e3 Be7 4. Bd3 b6 5. O-O O-O 6. b3 Bb7 7. Nbd2 d6 8. Bb2
Nbd7 9. c4 c5 10. Qe2 cxd4 11. Nxd4 Nc5 12. Bc2 Qd7 13. Rad1 Rad8 14. f3 g6 15.
Nb5 a6 16. Nc3 Qc7 17. Kh1 d5 18. cxd5 exd5 19. Bb1 Rfe8 20. Qf2 Bd6 21. Ne2
Be5 22. Bd4 Qd6 23. b4 Bxd4 24. exd4 Na4 25. a3 a5 26. Bc2 Rxe2 27. Qxe2 Nc3
28. Qe5 Nxd1 29. Rxd1 axb4 30. Qxd6 Rxd6 31. axb4 Re6 32. Bd3 Kg7 33. Kg1 Ne8
34. Kf2 Nc7 35. Ra1 Bc6 36. Rc1 Nb5 37. Rxc6 Rxc6 38. Bxb5 Rc2 39. Ke3 Rb2 40.
Bc6 Rxb4 41. Bxd5 f5 42. Kd3 Kf6 43. Bb3 Rb5 44. Kc3 Ra5 45. Nc4 Ra1 46. Nxb6
Rh1 47. h3 Rg1 48. Nd5+ Kg5 49. f4+ Kh4 50. Ne3 g5 51. Nxf5+ Kh5 52. Bf7# 1-0

[Event "14. Bayer Open"]
[Site "Leverkusen"]
[Date "2016.02.01"]
[Round "3.23"]
[White "Spiekermann, Stefan"]
[Black "Reif, Frank"]
[Result "1/2-1/2"]
[WhiteElo "2011"]
[BlackElo "1775"]
[PlyCount "30"]
[EventDate "2016.??.??"]
[WhiteTeam "SV Menden"]
[BlackTeam "TV Witzhelden"]

1. e4 e5 2. Nf3 Nc6 3. Bc4 Bc5 4. c3 Qe7 5. O-O Nf6 6. d4 Bb6 7. d5 Nd8 8. Qe2
d6 9. a4 c6 10. dxc6 bxc6 11. h3 O-O 12. Rd1 Ne6 13. b4 c5 14. a5 Bc7 15. b5
Bb7 1/2-1/2

[Event "14. Bayer Open"]
[Site "Leverkusen"]
[Date "2016.02.01"]
[Round "3.24"]
[White "Gülden, Ralf"]
[Black "Hennig, Edgar Paul"]
[Result "1/2-1/2"]
[WhiteElo "1564"]
[BlackElo "1872"]
[PlyCount "102"]
[EventDate "2016.??.??"]
[WhiteTeam "Königsspringer Leverkusen"]
[BlackTeam "Satranç Club"]

1. d4 d5 2. c4 e6 3. Nc3 Nf6 4. Bg5 Nbd7 5. Nf3 c6 6. e3 Qa5 7. Bxf6 Nxf6 8.
Bd3 dxc4 9. Bxc4 Bb4 10. Qc2 Nd5 11. Rc1 O-O 12. O-O Rd8 13. Rfd1 Bd7 14. Ne4
Be7 15. a3 Nf6 16. Bd3 g6 17. Nc5 Rab8 18. Nxd7 Nxd7 19. Nd2 Qh5 20. Ne4 Kg7
21. Qe2 Qxe2 22. Bxe2 h6 23. Nc5 Nxc5 24. dxc5 Rxd1+ 25. Bxd1 Rd8 26. b4 a5 27.
Kf1 Rd3 28. bxa5 Rxa3 29. Rb1 Rxa5 30. Rxb7 Bxc5 31. Bb3 Rb5 32. Rxb5 cxb5 33.
Ke2 Kf6 34. Kd3 Ke5 35. Bd1 f5 36. Bf3 Kd6 37. Bb7 e5 38. f3 Bb6 39. e4 f4 40.
Kc3 Kc5 41. Bd5 Ba5+ 42. Kd3 Kb4 43. g3 g5 44. Bc6 Bb6 45. g4 Bd4 46. Kc2 Be3
47. Kd3 Kc5 48. Bd5 Bd4 49. Be6 Kb4 50. Bd7 Ka5 51. Bc6 Kb4 1/2-1/2

[Event "14. Bayer Open"]
[Site "Leverkusen"]
[Date "2016.02.01"]
[Round "3.25"]
[White "Meul, Willi"]
[Black "Wirtz, Uwe"]
[Result "1/2-1/2"]
[WhiteElo "1744"]
[BlackElo "1850"]
[PlyCount "38"]
[EventDate "2016.??.??"]
[WhiteTeam "SV Hürth-Berrenrath"]
[BlackTeam "Königsspringer Leverkusen"]

1. d4 d5 2. Nf3 e6 3. e3 Nf6 4. Bd3 c5 5. c3 Nc6 6. Nbd2 c4 7. Bc2 Be7 8. O-O
O-O 9. e4 b5 10. e5 Ne8 11. Re1 f6 12. exf6 Bxf6 13. Nf1 Nd6 14. Ng3 Nf7 15.
Nh5 e5 16. Nxf6+ gxf6 17. dxe5 fxe5 18. h3 e4 19. Nd4 Nxd4 1/2-1/2

[Event "14. Bayer Open"]
[Site "Leverkusen"]
[Date "2016.02.01"]
[Round "3.26"]
[White "Schimpf, Rolf"]
[Black "Hoffmann, Michael"]
[Result "1/2-1/2"]
[WhiteElo "1702"]
[BlackElo "1698"]
[PlyCount "87"]
[EventDate "2016.??.??"]
[WhiteTeam "SC Bayer Leverkusen"]
[BlackTeam "SG Neuss"]

1. d4 d5 2. e3 Nf6 3. f4 c5 4. c3 Nc6 5. Bd3 Bg4 6. Nf3 e6 7. O-O Bd6 8. Qe1
O-O 9. Ne5 Bf5 10. Bxf5 exf5 11. Nd2 Re8 12. Ndf3 Ne4 13. Nd2 Rc8 14. Nxe4 dxe4
15. Nxc6 bxc6 16. Bd2 Qb6 17. Rb1 Qa6 18. a3 Qd3 19. Rd1 Qc2 20. Bc1 Red8 21.
Rf2 Qb3 22. Rfd2 Be7 23. h3 Qe6 24. dxc5 Rxd2 25. Rxd2 Bxc5 26. b4 Bb6 27. Qe2
c5 28. b5 c4 29. a4 Qf6 30. Bb2 h6 31. Rd5 Qe6 32. Rd1 Bc5 33. g3 Qb6 34. Kf2
a6 35. bxa6 Qxa6 36. Qc2 Qb6 37. Bc1 Qc6 38. Ke2 Ra8 39. Qb2 Qxa4 40. Rd5 Qc6
41. Qd2 g6 42. Rd8+ Kg7 43. Rxa8 Qxa8 44. Qd7 1/2-1/2

[Event "14. Bayer Open"]
[Site "Leverkusen"]
[Date "2016.02.01"]
[Round "3.27"]
[White "Baier, Uwe"]
[Black "Scharff, Klaus"]
[Result "1-0"]
[WhiteElo "1686"]
[BlackElo "1863"]
[PlyCount "91"]
[EventDate "2016.??.??"]
[WhiteTeam "SF Schlebusch"]
[BlackTeam "SV Opladen"]

1. e4 e6 2. Nc3 d5 3. exd5 exd5 4. d4 Nf6 5. Be2 Be7 6. Be3 b6 7. Bf3 c6 8. Qd2
b5 9. Nge2 Nbd7 10. O-O Nf8 11. Rfc1 Ng6 12. g3 h5 13. h4 Ng4 14. Nf4 O-O 15.
Ncxd5 Bxh4 16. Nc3 Bg5 17. Bxc6 Rb8 18. d5 N6e5 19. Qe2 Nxe3 20. fxe3 Bg4 21.
Qf2 h4 22. Nce2 hxg3 23. Nxg3 Bh4 24. b3 Qg5 25. Ng2 f5 26. Qf4 Nf3+ 27. Kf2
Qxf4 28. Nxf4 g5 29. Ng6 f4 30. exf4 Rf6 31. Nxh4 gxh4 32. Ne2 Kf7 33. d6 Ne5
34. Bd5+ Kg6 35. Rg1 Kh6 36. Ke3 Re8 37. fxe5 Rxe5+ 38. Kd4 Rg5 39. Rae1 b4 40.
c4 bxc3 41. Nxc3 Rxd6 42. Re5 Rgg6 43. Ne4 Rd7 44. Nf6 Rdg7 45. Nxg4+ Rxg4+ 46.
Rxg4 1-0

[Event "14. Bayer Open"]
[Site "Leverkusen"]
[Date "2016.02.01"]
[Round "3.28"]
[White "Gnass, Arno"]
[Black "Birnkott, Manfred"]
[Result "1-0"]
[WhiteElo "1629"]
[BlackElo "1904"]
[PlyCount "87"]
[EventDate "2016.??.??"]
[WhiteTeam "Bergische SF"]
[BlackTeam "SC Bayer Leverkusen"]

1. d4 d5 2. Nf3 Nf6 3. e3 e6 4. Bd3 Bd6 5. b3 O-O 6. O-O Nbd7 7. Bb2 Re8 8. Ne5
Nf8 9. Nd2 N6d7 10. Ndf3 f6 11. Nxd7 Nxd7 12. c4 c6 13. Qc2 Nf8 14. e4 dxe4 15.
Bxe4 Qc7 16. Rac1 f5 17. Bd3 Ng6 18. Rfe1 Qf7 19. Rcd1 Nf4 20. Ne5 Qh5 21. Bf1
g5 22. Bc1 Ng6 23. Be2 g4 24. Bd3 Nxe5 25. dxe5 Be7 26. Bf4 b6 27. Be2 Qf7 28.
Rd3 c5 29. Red1 Bb7 30. Qd2 Bc6 31. Bg5 Bf8 32. Bf6 h6 33. h3 Qg6 34. hxg4 Kh7
35. g5 Re7 36. Rd8 Re8 37. Rxa8 Rxa8 38. Bf3 Bxf3 39. Qd7+ Bg7 40. gxf3 hxg5
41. Kg2 Rf8 42. Rh1+ Kg8 43. Qxe6+ Rf7 44. Qe8+ 1-0